The horse book ; a practical treatise on the American horse breeding industry as allied to the farm /

Bibliographic Details
Main Author: Johnstone, J. H. S. (James Hope Stewart), 1861-
Format: Book
Language:English
Published: Chicago : The Breeder's Gazette, 1914.
Subjects:

MARC

Tag First Indicator Second Indicator Subfields
LEADER 00000cam a2200000 4500
001 in00000050286
005 20151007065842.0
008 800528r19141908iluaf 00010 eng
010 |a  14021038  
035 |a (OCoLC)06367383 
035 |9 AAE2822AM 
040 |a DLC  |c TXA  |d UtOrBLW 
049 |a TXAS  |c [1700741] 
050 0 0 |a SF291  |b .J73 1914 
100 1 |a Johnstone, J. H. S.  |q (James Hope Stewart),  |d 1861- 
245 1 4 |a The horse book ;  |b a practical treatise on the American horse breeding industry as allied to the farm /  |c by J. H. S. Johnstone. 
264 1 |a Chicago :  |b The Breeder's Gazette,  |c 1914. 
300 |a 298 pages :  |b illustrations, plates. ;  |c 20 cm. 
336 |a text  |b txt  |2 rdacontent 
337 |a unmediated  |b n  |2 rdamedia 
338 |a volume  |b nc  |2 rdacarrier 
500 |a First published, 1908. 
650 0 |a Horses  |x Breeding. 
999 |a MARS 
999 f f |s c0c1a2b2-cc6a-3b26-80ab-635d694ec0c5  |i 5bf00ab2-c249-302f-b99f-cedf39e5cc01  |t 0 
952 f f |p noncirc  |a Texas A&M University  |b College Station  |c Cushing Memorial Library & Archives  |d Cushing: Dykes (Does not check out)  |t 0  |e SF291 .J73 1914  |h Library of Congress classification  |i unmediated -- volume  |m A14851931304 
998 f f |a SF291 .J73 1914  |t 0  |l Cushing: Dykes (Does not check out)